Language Quiz

Random Language Quiz
Score 0/27 Timer 10:00
0 Plays Today
Hint Answer % Correct
すわりますngồi
100%
しりますbiết
100%
けんきゅうしますnghiên cứu
100%
せんもんchuyên môn
100%
とこやhiệu cắt tóc
100%
どくしんđộc thân
100%
とくにđặc biệt
100%
ごかぞくgia đình người khác
100%
たちますđứng
92.9%
つかいますdùng
92.9%
おきますđặt
92.9%
しっていますbiết
92.9%
しりょうtài liệu
92.9%
カタログca ta lô
92.9%
Hint Answer % Correct
ふくquần áo
92.9%
ソフトphần mềm
92.9%
プレイガイドquầy bán vé
92.9%
つくりますlàm
85.7%
すみますsống
85.7%
おおさかにすんでいますsống ở osaka
85.7%
じこくひょうbảng giờ tàu chạy
85.7%
せいひんsản phẩm
85.7%
はいしゃnha sĩ
85.7%
うりますbán
78.6%
こうこうtrường trung học phổ thông
78.6%
おもいだしますnhớ lại
71.4%
いらっしゃいますthể kính trọng của imasu
64.3%
Remove Ads.
Support Sporcle.
Get the best of Sporcle when you Go Orange. This ad-free experience offers more features, more stats, and more fun while also helping to support Sporcle. Thank you for becoming a member.

You're not logged in!

Compare scores with friends on all Sporcle quizzes.
OR
Log In

Show Comments

Extras

Created Sep 28, 2019ReportNominate

Top Quizzes Today


Score Distribution

Your Account Isn't Verified!

In order to create a playlist on Sporcle, you need to verify the email address you used during registration. Go to your Sporcle Settings to finish the process.

Report this User

Report this user for behavior that violates our Community Guidelines.

Details: